[Event "Oberschwaben-chB"]
[Site "Markdorf"]
[Date "2009.05.23"]
[Round "5.13"]
[White "Montgomery, Mike"]
[Black "Özdemir, Murat"]
[Result "1/2-1/2"]
[WhiteElo "1735"]
[BlackElo "1596"]
[PlyCount "66"]
[EventDate "2009.??.??"]
[WhiteTeam "SC Lindau"]
[BlackTeam "SF Ravensburg"]

1. e4 e6 2. Nc3 d5 3. Nf3 dxe4 4. Nxe4 Nd7 5. Bc4 Ngf6 6. Neg5 Nd5 7. Qe2 Be7
8. d4 h6 9. Ne4 a6 10. Bd2 b5 11. Bb3 Bb7 12. O-O N5f6 13. Ng3 c5 14. c3 Qc7
15. Rfe1 c4 16. Bc2 O-O-O 17. a4 Bd6 18. axb5 axb5 19. Ra7 Qb6 20. Rea1 Bb8 21.
R7a5 g5 22. Ne4 Qc6 23. d5 Qxd5 24. Nxf6 Nxf6 25. Be3 g4 26. Ne1 Qe5 27. f4
gxf3 28. Nxf3 Bxf3 29. Qxf3 Qxh2+ 30. Kf2 Qh4+ 31. Ke2 Qg4 32. Rxb5 Qxf3+ 33.
Kxf3 Nd7 1/2-1/2

[Event "Oberschwaben-chB"]
[Site "Markdorf"]
[Date "2009.05.23"]
[Round "5.14"]
[White "Goda, Frederic"]
[Black "Heinrich, Ernst"]
[Result "0-1"]
[WhiteElo "1657"]
[BlackElo "1706"]
[PlyCount "80"]
[EventDate "2009.??.??"]
[WhiteTeam "SC Weisse Dame Ulm e.V."]
[BlackTeam "SK Markdorf"]

1. d4 d5 2. Nf3 Nf6 3. Bf4 e6 4. e3 Nh5 5. Bg5 f6 6. Bh4 g6 7. Bd3 Ng7 8. Nbd2
Be7 9. Qe2 Nd7 10. c3 e5 11. e4 dxe4 12. Nxe4 f5 13. Bxe7 Qxe7 14. dxe5 fxe4
15. Bxe4 Nc5 16. Bd5 c6 17. Bc4 Be6 18. Nd4 Bxc4 19. Qxc4 Qxe5+ 20. Kd1 O-O-O
21. b4 Ne4 22. Kc2 Nd6 23. Qb3 Qe4+ 24. Kb2 Qxg2 25. Rhe1 Qd5 26. Qa4 Kb8 27.
Rad1 Nc4+ 28. Ka1 Qf7 29. b5 c5 30. Nc6+ bxc6 31. bxc6 Nb6 32. Rb1 Qc7 33. Qb5
Rd6 34. Qxc5 Rxc6 35. Qd4 Rd8 36. Qb4 Nf5 37. a4 Rc4 38. Qb3 Rxc3 39. Qb4 Rc4
40. Qb3 Qc6 0-1

[Event "Oberschwaben-chB"]
[Site "Markdorf"]
[Date "2009.05.23"]
[Round "5.15"]
[White "Voss, Michael"]
[Black "Thyron, Franz"]
[Result "1-0"]
[WhiteElo "1667"]
[BlackElo "1581"]
[PlyCount "87"]
[EventDate "2009.??.??"]
[WhiteTeam "SC Lindau"]
[BlackTeam "SF Ravensburg"]

1. e4 e6 2. d4 d5 3. Nd2 a6 4. e5 c5 5. c3 cxd4 6. cxd4 Nc6 7. Ndf3 Bb4+ 8. Bd2
Bxd2+ 9. Qxd2 Qa5 10. Bd3 Qxd2+ 11. Kxd2 h6 12. Rc1 Nge7 13. Ne2 Bd7 14. Nh4
Rc8 15. f4 Na7 16. Rxc8+ Naxc8 17. Rf1 Nf5 18. Nf3 h5 19. g3 Na7 20. Rc1 Nc6
21. Bxf5 exf5 22. Nc3 Be6 23. Na4 O-O 24. Nc5 Rb8 25. b3 a5 26. Nxb7 Nxd4 27.
Nxd4 Rxb7 28. Nxe6 fxe6 29. Rc8+ Kf7 30. Ra8 Rb5 31. Ra7+ Kf8 32. Kc3 Rc5+ 33.
Kd4 Rc2 34. Rxa5 Rxh2 35. b4 Rd2+ 36. Ke3 Rg2 37. Kf3 Rb2 38. a3 Rb3+ 39. Kf2
Rb2+ 40. Ke1 d4 41. b5 Rb3 42. a4 Rxg3 43. b6 Rb3 44. Rb5 1-0

[Event "Oberschwaben-chB"]
[Site "Markdorf"]
[Date "2009.05.23"]
[Round "5.16"]
[White "Engler, Gunter"]
[Black "Eizenhöfer, Rudolf"]
[Result "0-1"]
[WhiteElo "1667"]
[BlackElo "1555"]
[PlyCount "132"]
[EventDate "2009.??.??"]
[WhiteTeam "SC Lindau"]
[BlackTeam "SK Markdorf"]

1. d4 d5 2. c4 c6 3. cxd5 cxd5 4. Nc3 Nf6 5. Bf4 a6 6. e3 e6 7. Bd3 Nc6 8. Rc1
h6 9. h3 Bd6 10. Bxd6 Qxd6 11. Nf3 O-O 12. O-O Re8 13. a3 e5 14. dxe5 Nxe5 15.
Be2 Bd7 16. Qd2 Bc6 17. Rfd1 Rad8 18. Qd4 Re6 19. Rd2 Qe7 20. Rcd1 Re8 21. Nxe5
Rxe5 22. Bf3 Ne4 23. Bxe4 dxe4 24. Qd6 Qg5 25. Ne2 R5e6 26. Qg3 Qa5 27. Nf4 Rf6
28. Rd6 Rf5 29. Rxh6 Rg5 30. Qh4 gxh6 31. Qxh6 Qf5 32. g4 Qe5 33. Rd6 Qg7 34.
Qh4 Bb5 35. Nh5 Rxh5 36. Qxh5 Rc8 37. Rd5 f6 38. Qf5 Rc1+ 39. Kg2 Bf1+ 40. Kg3
Qc7+ 41. Kh4 Qh7+ 42. Qxh7+ Kxh7 43. Rd7+ Kg6 44. Rxb7 Rc8 45. Kg3 Bd3 46. Rb6
Rc1 47. h4 Rg1+ 48. Kf4 Kf7 49. Kf5 Rg2 50. Rxf6+ Ke7 51. Ke5 Rxg4 52. h5 Rh4
53. Rh6 Rh2 54. Rh7+ Kf8 55. h6 Kg8 56. Rg7+ Kh8 57. Rg6 Kh7 58. Rf6 Rxh6 59.
Rxh6+ Kxh6 60. Kd4 Bc2 61. Ke5 Kg5 62. b4 Kg4 63. a4 Kf3 64. b5 axb5 65. axb5
Bd3 66. b6 Ba6 0-1

[Event "Oberschwaben-chB"]
[Site "Markdorf"]
[Date "2009.05.23"]
[Round "5.18"]
[White "Pohl, Manfred"]
[Black "Schleiffer, Helmut"]
[Result "1/2-1/2"]
[WhiteElo "1607"]
[BlackElo "1867"]
[PlyCount "75"]
[EventDate "2009.??.??"]
[WhiteTeam "SC Wangen"]
[BlackTeam "SF Vöhringen"]

1. b4 e5 2. Bb2 Bxb4 3. Bxe5 Nf6 4. a3 Be7 5. e3 Nc6 6. Bb2 d5 7. Nf3 O-O 8.
Be2 Re8 9. O-O Bf5 10. c4 h6 11. cxd5 Nxd5 12. d3 Bg6 13. Nbd2 Bf6 14. d4 a6
15. Rc1 Nb6 16. Nc4 Nxc4 17. Rxc4 Be4 18. Nd2 Bd5 19. Rc1 Rc8 20. Nb3 Nb8 21.
Nc5 Nd7 22. Bg4 Bc6 23. Qc2 Re7 24. Bxd7 Rxd7 25. Nxd7 Qxd7 26. h3 Re8 27. Rfe1
Qd5 28. e4 Rxe4 29. Qxe4 Qxe4 30. Rxe4 Bxe4 31. Rxc7 Bc6 32. Bc3 Kf8 33. f3 Ke8
34. Kf2 Bd8 35. Rxc6 bxc6 36. Ke3 Kd7 37. d5 g6 38. dxc6+ 1/2-1/2

[Event "Oberschwaben-chB"]
[Site "Markdorf"]
[Date "2009.05.23"]
[Round "5.19"]
[White "Neher, Georg"]
[Black "Gräber, Gero"]
[Result "1/2-1/2"]
[WhiteElo "1500"]
[BlackElo "1682"]
[PlyCount "35"]
[EventDate "2009.??.??"]
[WhiteTeam "SC Bad Schussenried e.V."]
[BlackTeam "SC Tettnang"]

1. Nf3 Nc6 2. d4 d5 3. g3 Bg4 4. Bg2 Nf6 5. O-O Qd7 6. Nbd2 O-O-O 7. b4 Nxb4 8.
Ne5 Qe6 9. c3 Nc6 10. h3 Bh5 11. Ndf3 Ne4 12. Qb3 Nxe5 13. Nxe5 Bxe2 14. Rb1
Ba6 15. Bxe4 dxe4 16. Qxe6+ fxe6 17. Nf7 Bxf1 18. Kxf1 1/2-1/2

[Event "Oberschwaben-chB"]
[Site "Markdorf"]
[Date "2009.05.23"]
[Round "5.20"]
[White "Schmollinger, Jonathan"]
[Black "Kolas, Matija"]
[Result "0-1"]
[WhiteElo "960"]
[BlackElo "1661"]
[PlyCount "100"]
[EventDate "2009.??.??"]
[WhiteTeam "SAbt Post-SV Ulm"]
[BlackTeam "SK Markdorf"]

1. c4 c6 2. Nc3 e6 3. e3 d5 4. Nf3 f5 5. b3 Nf6 6. Bb2 Bd6 7. Qc2 O-O 8. O-O-O
Ne4 9. d3 Nf6 10. g3 a6 11. Bg2 Nbd7 12. Nd4 Nb6 13. Qe2 Qe7 14. Nc2 Nbd7 15.
h4 b5 16. Rdg1 bxc4 17. dxc4 Ne4 18. Nxe4 dxe4 19. Rf1 Ne5 20. f4 Nd3+ 21. Kb1
Rb8 22. Rd1 a5 23. Ne1 Nxb2 24. Qxb2 e5 25. Qd2 Bb4 26. Qe2 a4 27. Qb2 exf4 28.
gxf4 Ba3 29. Qc3 Bb4 30. Qb2 Be6 31. Bf1 Bxe1 32. Rxe1 Qb4 33. Rd1 axb3 34.
axb3 Qxb3 35. Qxb3 Rxb3+ 36. Kc2 Rfb8 37. c5 Rb2+ 38. Kc3 Bd5 39. Kd4 Kf7 40.
Ke5 g6 41. h5 Re8+ 42. Kd6 Rb7 43. hxg6+ hxg6 44. Rg1 Kf6 45. Rxd5 cxd5 46.
Kxd5 Rd7+ 47. Kc4 Rc8 48. Rh1 Rdc7 49. Kd4 Rxc5 50. Rh7 Rc1 0-1

[Event "Oberschwaben-chB"]
[Site "Markdorf"]
[Date "2009.05.23"]
[Round "5.21"]
[White "Benkö, Jakob"]
[Black "Zielke, Reinhard"]
[Result "0-1"]
[WhiteElo "879"]
[BlackElo "1526"]
[PlyCount "48"]
[EventDate "2009.??.??"]
[WhiteTeam "SC Tettnang"]
[BlackTeam "SAbt TG Biberach"]

1. Nc3 d5 2. e4 dxe4 3. Nxe4 Nf6 4. Nxf6+ exf6 5. Nf3 c5 6. Bb5+ Bd7 7. Qe2+
Be7 8. d4 Qa5+ 9. Bd2 Qxb5 10. Qxb5 Bxb5 11. O-O-O Be2 12. Rde1 Bxf3 13. gxf3
cxd4 14. Rhg1 g6 15. Bb4 Nc6 16. Bxe7 Nxe7 17. Re4 Rd8 18. Rge1 Rd7 19. Kd2 Kd8
20. Kd3 Nf5 21. a3 Kc7 22. c3 dxc3+ 23. Kxc3 Rhd8 24. Rc4+ Kb8 0-1

[Event "Oberschwaben-chB"]
[Site "Markdorf"]
[Date "2009.05.23"]
[Round "5.22"]
[White "Grasmik, Johann"]
[Black "Holzer, Daniel"]
[Result "1-0"]
[WhiteElo "1511"]
[BlackElo "1229"]
[PlyCount "39"]
[EventDate "2009.??.??"]
[WhiteTeam "SV Weingarten"]
[BlackTeam "SAbt Post-SV Ulm"]

1. d4 d5 2. c4 Nc6 3. cxd5 Qxd5 4. Nf3 Bg4 5. Nc3 Qd7 6. d5 Bxf3 7. gxf3 Ne5 8.
Bf4 Ng6 9. Bg3 O-O-O 10. e4 e6 11. h4 h5 12. Qb3 Bd6 13. Bb5 Qe7 14. Bc6 bxc6
15. dxc6 Bb4 16. Qc4 Rf8 17. Qa6+ Kd8 18. Rd1+ Bd6 19. Qxa7 Qf6 20. Rxd6+ 1-0

[Event "Oberschwaben-chB"]
[Site "Markdorf"]
[Date "2009.05.23"]
[Round "5.23"]
[White "Längl, Josef"]
[Black "Gräber, Gordian"]
[Result "0-1"]
[WhiteElo "1148"]
[BlackElo "1492"]
[PlyCount "26"]
[EventDate "2009.??.??"]
[WhiteTeam "SC Tettnang"]
[BlackTeam "SC Tettnang"]

1. e4 e5 2. Nf3 Nc6 3. Bb5 Bc5 4. O-O d6 5. Bxc6+ bxc6 6. d4 exd4 7. Nxd4 Bb7
8. Re1 Qh4 9. c3 Nf6 10. e5 Ng4 11. Be3 Qxh2+ 12. Kf1 Ba6+ 13. Re2 Qh1# 0-1

[Event "Oberschwaben-chB"]
[Site "Markdorf"]
[Date "2009.05.23"]
[Round "5.24"]
[White "Herpich, Tristan"]
[Black "Ebel, Klaus"]
[Result "0-1"]
[WhiteElo "800"]
[BlackElo "1400"]
[PlyCount "44"]
[EventDate "2009.??.??"]
[WhiteTeam "SC Lindau"]
[BlackTeam "SK Markdorf"]

1. d4 d5 2. e3 e6 3. Nf3 Nf6 4. Be2 Nbd7 5. O-O c5 6. c4 b6 7. Nc3 cxd4 8. Nxd4
Bc5 9. cxd5 exd5 10. Bf3 Ne5 11. e4 Nxf3+ 12. Nxf3 d4 13. Qa4+ Bd7 14. Nb5 a6
15. Nd6+ Bxd6 16. e5 Bxa4 17. exf6 Qxf6 18. Bg5 Qf5 19. Rae1+ Kd7 20. Rc1 Rac8
21. Nxd4 Qxg5 22. Nf3 Qxc1 0-1

[Event "Oberschwaben-chB"]
[Site "Markdorf"]
[Date "2009.05.23"]
[Round "5.27"]
[White "Leser, Jasmin"]
[Black "Laub, Bertram"]
[Result "0-1"]
[WhiteElo "907"]
[BlackElo "1498"]
[PlyCount "148"]
[EventDate "2009.??.??"]
[WhiteTeam "SF Mengen"]
[BlackTeam "SAbt TG Biberach"]

1. e4 e6 2. d4 d5 3. e5 Ne7 4. Nf3 Ng6 5. Bd3 Bd7 6. O-O c5 7. c3 c4 8. Be2 Be7
9. Be3 O-O 10. b3 cxb3 11. axb3 Nc6 12. Nbd2 f6 13. exf6 Bxf6 14. Bd3 Nce7 15.
b4 a6 16. Nb3 e5 17. Nc5 Bc8 18. Qb3 e4 19. Bxe4 Kh8 20. Bd3 Qc7 21. Bxg6 hxg6
22. Bg5 b6 23. Bxf6 Rxf6 24. Nd3 Rf5 25. Rae1 Rh5 26. Re2 Bf5 27. Re5 Bxd3 28.
Rxh5+ gxh5 29. Re1 Be4 30. Ng5 Qf4 31. Nxe4 dxe4 32. Qe6 Rf8 33. Rf1 Nc8 34. f3
Qe3+ 35. Rf2 Qxc3 36. Qxe4 Qxb4 37. Qe5 Qb1+ 38. Rf1 Qf5 39. Qxf5 Rxf5 40. Rd1
Rd5 41. Kf2 Nd6 42. Ke3 a5 43. g4 b5 44. Kd3 a4 45. Kc3 hxg4 46. fxg4 Kg8 47.
h3 g5 48. Rd3 Kg7 49. Kb4 Kf7 50. Ka5 Ke7 51. Kb6 Kd7 52. Ka5 Nc4+ 53. Kb4 Kc6
54. Kc3 Kb6 55. Kb4 a3 56. Kb3 Rd8 57. Rd1 Ra8 58. Ra1 Ra4 59. Ka2 Rb4 60. Rb1
Rxb1 61. Kxb1 b4 62. Ka2 Kb5 63. Kb3 Nd2+ 64. Kc2 a2 65. Kb2 b3 66. d5 Kc5 67.
d6 Kxd6 68. Ka1 Kd5 69. h4 gxh4 70. g5 h3 71. Kb2 h2 72. g6 h1=Q 73. g7 Qb1+
74. Ka3 a1=R+ 0-1

[Event "Oberschwaben-chB"]
[Site "Markdorf"]
[Date "2009.05.23"]
[Round "6.1"]
[White "Zeller, Roman"]
[Black "Jäckel, Thomas"]
[Result "1-0"]
[WhiteElo "1828"]
[BlackElo "1853"]
[PlyCount "53"]
[EventDate "2009.??.??"]
[WhiteTeam "SV Friedrichshafen"]
[BlackTeam "SC Lindau"]

1. e4 c5 2. Nf3 d6 3. d4 cxd4 4. Nxd4 Nf6 5. Nc3 g6 6. Be3 Bg7 7. Be2 O-O 8.
O-O Nc6 9. f3 Bd7 10. Qd2 a6 11. Kh1 Nxd4 12. Bxd4 Bc6 13. Rad1 Rc8 14. Qe3 Qa5
15. f4 Nd7 16. Bxg7 Kxg7 17. Bg4 Rc7 18. a3 Qc5 19. Qd3 Rd8 20. b4 Qa7 21. a4
Nf6 22. Bf3 Rdc8 23. Ra1 Bd7 24. Ra3 Bg4 25. e5 Bxf3 26. exf6+ exf6 27. Rxf3
1-0

[Event "Oberschwaben-chB"]
[Site "Markdorf"]
[Date "2009.05.23"]
[Round "6.2"]
[White "Oestreicher, Hans-Ulrich"]
[Black "Starcevic, Bozo"]
[Result "1-0"]
[WhiteElo "1982"]
[BlackElo "1784"]
[PlyCount "120"]
[EventDate "2009.??.??"]
[WhiteTeam "SK Markdorf"]
[BlackTeam "SC Tettnang"]

1. Nf3 Nf6 2. c4 g6 3. g3 Bg7 4. Bg2 O-O 5. O-O c6 6. d4 d5 7. Nc3 a6 8. cxd5
cxd5 9. Bf4 Nc6 10. Ne5 Nh5 11. Nxc6 bxc6 12. Be3 Rb8 13. Na4 Rb4 14. Rc1 Bd7
15. a3 Rb5 16. b4 Re8 17. Nc5 a5 18. bxa5 Rxa5 19. Nb7 Qa8 20. Nxa5 Qxa5 21.
Qb3 e5 22. dxe5 Bxe5 23. Bc5 Rb8 24. Qe3 Re8 25. Bb4 Qa8 26. Qd2 Ng7 27. e3 Ne6
28. Bc3 Bd6 29. Bb2 Bf8 30. Rfd1 f5 31. Qc2 Kf7 32. Ra1 Rb8 33. a4 Rb7 34. a5
Rb5 35. Bc3 Rc5 36. Qd2 Rb5 37. h4 Bc8 38. Bf1 Rb3 39. Qc2 Rb7 40. h5 Ra7 41.
hxg6+ hxg6 42. Ra4 Nc5 43. Rh4 Ne4 44. Rh7+ Ke6 45. Rxa7 Qxa7 46. Bb2 c5 47.
Qd3 Bb7 48. Qb5 Nd6 49. Qa4 Be7 50. a6 Ba8 51. Qf4 Nf7 52. Qa4 Qb8 53. Qa2 Bd6
54. a7 Qc7 55. Bg2 c4 56. Bxd5+ Bxd5 57. Rxd5 Bxg3 58. a8=Q Bxf2+ 59. Kf1 Bxe3
60. Qe8+ Kxd5 1-0

[Event "Oberschwaben-chB"]
[Site "Markdorf"]
[Date "2009.05.23"]
[Round "6.3"]
[White "Meger, Wilfried"]
[Black "Nuber, Reinhard"]
[Result "1-0"]
[WhiteElo "1812"]
[BlackElo "1742"]
[PlyCount "63"]
[EventDate "2009.??.??"]
[WhiteTeam "SF Mengen"]
[BlackTeam "Sabt TSV 1880 Neu-Ulm"]

1. Nf3 Nf6 2. c4 c5 3. g3 d5 4. cxd5 Nxd5 5. Bg2 Nc6 6. O-O e5 7. Nc3 Be6 8. d3
Be7 9. Bd2 O-O 10. a3 f6 11. Rc1 Rc8 12. Nxd5 Bxd5 13. Bh3 Rb8 14. Nh4 Nd4 15.
Bc3 Bb3 16. Qd2 Ba4 17. Bxd4 cxd4 18. f4 Bd7 19. Bg2 Qb6 20. f5 Bc6 21. Rc4
Bxg2 22. Kxg2 Rfc8 23. Rfc1 Rc6 24. Rxc6 bxc6 25. b4 c5 26. Qa2+ Kf8 27. bxc5
Bxc5 28. a4 Bd6 29. Qd5 Qb7 30. Rc6 Rd8 31. Kf2 Be7 32. Rxf6+ 1-0

[Event "Oberschwaben-chB"]
[Site "Markdorf"]
[Date "2009.05.23"]
[Round "6.4"]
[White "Fichtl, Xaver"]
[Black "Stadelmayer, Bernd"]
[Result "1-0"]
[WhiteElo "1809"]
[BlackElo "1704"]
[PlyCount "88"]
[EventDate "2009.??.??"]
[WhiteTeam "SC Lindau"]
[BlackTeam "SK Leutkirch"]

1. e4 e5 2. c4 Nf6 3. d3 d6 4. h3 c6 5. Nf3 Be6 6. Nc3 Nbd7 7. Ng5 h6 8. Nxe6
fxe6 9. Qc2 d5 10. a3 Bd6 11. g3 a5 12. Bg2 Nb6 13. Nd1 Bc5 14. cxd5 Bd4 15.
dxe6 O-O 16. Be3 a4 17. Bxd4 Qxd4 18. Qc3 Qd6 19. Ne3 Qxe6 20. O-O Kh8 21. Rad1
Nbd7 22. f4 exf4 23. gxf4 Nh5 24. f5 Qe7 25. Ng4 Ng3 26. Rfe1 h5 27. d4 Qh4 28.
Nf2 Qf4 29. h4 Qxh4 30. Re3 Nxf5 31. exf5 Rxf5 32. Ne4 Raf8 33. Rh3 Qg4 34. Re1
Rf4 35. Qg3 Qf5 36. Qg5 Rxe4 37. Rxh5+ Kg8 38. Rxe4 Qf2+ 39. Kh2 Nf6 40. Rf4
Qe2 41. Rh3 Qe7 42. d5 Re8 43. dxc6 bxc6 44. Rg3 Rb8 1-0

[Event "Oberschwaben-chB"]
[Site "Markdorf"]
[Date "2009.05.23"]
[Round "6.5"]
[White "Lewandowski, Tadeus"]
[Black "Scherbaum, Guenter"]
[Result "1/2-1/2"]
[WhiteElo "1688"]
[BlackElo "1804"]
[PlyCount "81"]
[EventDate "2009.??.??"]
[WhiteTeam "SF Ravensburg"]
[BlackTeam "SC Lindau"]

1. d4 f5 2. e4 fxe4 3. Nc3 Nf6 4. Bg5 Nc6 5. d5 Ne5 6. Bxf6 exf6 7. Nxe4 f5 8.
Nc3 g6 9. Nf3 Nf7 10. Qe2+ Be7 11. h4 O-O 12. O-O-O d6 13. g3 Bd7 14. Bh3 Bf6
15. Qd2 b5 16. Nd4 b4 17. Nce2 Bg7 18. f4 Qf6 19. c3 bxc3 20. Nxc3 Rab8 21.
Rhe1 Bh6 22. Ne6 Bxe6 23. Rxe6 Qd8 24. Qe2 Ne5 25. Kc2 Nd7 26. h5 Nc5 27. Re3
Qf6 28. Kc1 Bg7 29. Bg2 a5 30. hxg6 hxg6 31. Bf3 a4 32. Qh2 Rb6 33. Rde1 Rfb8
34. Re8+ Rxe8 35. Rxe8+ Kf7 36. Re3 Qd4 37. Qe2 Qf6 38. Qc2 Qd4 39. Qe2 Qf6 40.
Qc2 Qd4 41. Qe2 1/2-1/2

[Event "Oberschwaben-chB"]
[Site "Markdorf"]
[Date "2009.05.23"]
[Round "6.6"]
[White "Oberndörfer, Frank"]
[Black "Benkö, Florian"]
[Result "1/2-1/2"]
[WhiteElo "1785"]
[BlackElo "1683"]
[PlyCount "87"]
[EventDate "2009.??.??"]
[WhiteTeam "SF Wetzisreute"]
[BlackTeam "SC Tettnang"]

1. d4 d5 2. Nf3 Nc6 3. c3 Bg4 4. Nbd2 Nf6 5. Qb3 Rb8 6. e3 a6 7. Bd3 e6 8. Qa4
Ra8 9. Ne5 Qd6 10. f4 Bf5 11. Bxf5 exf5 12. O-O Ne4 13. Ndf3 f6 14. Nxc6 Qxc6
15. Qxc6+ bxc6 16. Re1 Kd7 17. Re2 h6 18. Nh4 Ke6 19. Ng6 Rg8 20. Rc2 c5 21. c4
c6 22. Nxf8+ Rgxf8 23. dxc5 Rfd8 24. b4 dxc4 25. Bb2 Rd3 26. Rxc4 Rxe3 27. Rd4
Re2 28. Rb1 Rb8 29. h3 a5 30. a3 axb4 31. axb4 Nxc5 32. bxc5 Rbxb2 33. Rxb2
Rxb2 34. Rd6+ Ke7 35. Rxc6 Kd7 36. Rd6+ Kc7 37. Rd5 Kc6 38. Rxf5 Rc2 39. g4
Rxc5 40. Rxc5+ Kxc5 41. Kf2 g5 42. Ke3 Kd5 43. fxg5 fxg5 44. Kd3 1/2-1/2

[Event "Oberschwaben-chB"]
[Site "Markdorf"]
[Date "2009.05.23"]
[Round "6.7"]
[White "Leser, Alfred"]
[Black "Baron, Sven"]
[Result "1/2-1/2"]
[WhiteElo "1782"]
[BlackElo "1688"]
[PlyCount "66"]
[EventDate "2009.??.??"]
[WhiteTeam "SF Mengen"]
[BlackTeam "SC Wangen"]

1. c4 e5 2. Nc3 Nc6 3. g3 g6 4. Bg2 Bg7 5. e4 d6 6. d3 f5 7. Nge2 Nf6 8. O-O
O-O 9. Nd5 Rb8 10. Nxf6+ Qxf6 11. f4 Bd7 12. Rb1 a5 13. b3 b6 14. Bb2 Nd4 15.
Nc3 c6 16. Kh1 Kh8 17. Bh3 Qe7 18. Ba3 exf4 19. gxf4 c5 20. Nd5 Qh4 21. Bg2 Be6
22. Bb2 Bxd5 23. exd5 Rbe8 24. Bc1 Re2 25. Rb2 Rfe8 26. Rxe2 Rxe2 27. Bd2 Qe7
28. Re1 Rxe1+ 29. Qxe1 Qxe1+ 30. Bxe1 Kg8 31. Bd2 Kf7 32. Bf1 Ke7 33. Bg2 Kf7
1/2-1/2

[Event "Oberschwaben-chB"]
[Site "Markdorf"]
[Date "2009.05.23"]
[Round "6.8"]
[White "Baur, Helmut"]
[Black "Hörsch, Florian"]
[Result "0-1"]
[WhiteElo "1661"]
[BlackElo "1535"]
[PlyCount "70"]
[EventDate "2009.??.??"]
[WhiteTeam "SF Mengen"]
[BlackTeam "SAbt TSV Langenau"]

1. d4 d5 2. Nf3 Nf6 3. c4 e6 4. Nc3 Nbd7 5. Bg5 Be7 6. e3 b6 7. cxd5 exd5 8.
Bd3 Bb7 9. Rc1 c5 10. O-O O-O 11. Re1 h6 12. Bh4 Ne4 13. Bxe7 Qxe7 14. Nd2 f5
15. f3 Nxc3 16. bxc3 Qg5 17. e4 fxe4 18. fxe4 Qf4 19. e5 cxd4 20. Nf3 g5 21.
cxd4 g4 22. Nh4 Qf2+ 23. Kh1 Qxh4 24. Rc7 g3 25. h3 Bc8 26. e6 Nf6 27. Qf3 Ne4
28. Qxf8+ Kxf8 29. e7+ Qxe7 30. Rxe7 Kxe7 31. Bxe4 dxe4 32. Rxe4+ Kd6 33. Re3
Be6 34. Rxg3 Rg8 35. Ra3 Rg7 0-1

[Event "Oberschwaben-chB"]
[Site "Markdorf"]
[Date "2009.05.23"]
[Round "6.9"]
[White "Eizenhöfer, Rudolf"]
[Black "Krämer, Markus"]
[Result "0-1"]
[WhiteElo "1555"]
[BlackElo "1863"]
[PlyCount "22"]
[EventDate "2009.??.??"]
[WhiteTeam "SK Markdorf"]
[BlackTeam "SC Tettnang"]

1. e4 Nc6 2. Nf3 d5 3. exd5 Qxd5 4. Be2 e5 5. d3 f6 6. Nc3 Qf7 7. d4 exd4 8.
Nxd4 Bd7 9. Bf3 O-O-O 10. Nxc6 Bxc6 11. Bg4+ f5 0-1

[Event "Oberschwaben-chB"]
[Site "Markdorf"]
[Date "2009.05.23"]
[Round "6.10"]
[White "Kromer, Thomas"]
[Black "Heil, Marina"]
[Result "0-1"]
[WhiteElo "1640"]
[BlackElo "1754"]
[PlyCount "66"]
[EventDate "2009.??.??"]
[WhiteTeam "SF Riedlingen"]
[BlackTeam "SF Wetzisreute"]

1. e4 c5 2. Bc4 Nc6 3. Nf3 g6 4. O-O Bg7 5. Nc3 d6 6. Re1 e6 7. Bf1 Nge7 8. Ne2
O-O 9. Ng3 a6 10. c3 b5 11. d4 cxd4 12. Nxd4 Nxd4 13. cxd4 Bb7 14. Be3 Rc8 15.
Qd2 Nc6 16. Rad1 Qa5 17. d5 exd5 18. Qxd5 Bxb2 19. Bh6 Rfd8 20. Qg5 b4 21. Rd5
Qxa2 22. Nh5 Nd4 23. Nf6+ Kh8 24. Ra5 Qe6 25. e5 Nc6 26. Qh4 dxe5 27. Nxh7 Rd4
28. f4 Kxh7 29. Bg5+ Kg8 30. Bf6 Qxf6 31. Qxf6 Rxf4 32. Qd6 Nxa5 33. Qb6 Bd4+
0-1

[Event "Oberschwaben-chB"]
[Site "Markdorf"]
[Date "2009.05.23"]
[Round "6.11"]
[White "Heinrich, Ernst"]
[Black "Schneider, Thomas"]
[Result "0-1"]
[WhiteElo "1706"]
[BlackElo "1695"]
[PlyCount "60"]
[EventDate "2009.??.??"]
[WhiteTeam "SK Markdorf"]
[BlackTeam "SF Ravensburg"]

1. e4 c6 2. d4 d5 3. Nc3 dxe4 4. Nxe4 Nf6 5. Nxf6+ exf6 6. Nf3 Bd6 7. Be2 O-O
8. O-O Be6 9. Be3 Qc7 10. Qd2 f5 11. Qc3 Bd5 12. h3 Nd7 13. Rfe1 Nf6 14. Qd3
Be4 15. Qb3 a5 16. a4 f4 17. Bd2 Bd5 18. c4 Be6 19. Ng5 Bf5 20. Bd3 Bxd3 21.
Qxd3 Rad8 22. Ne4 Nxe4 23. Rxe4 Be5 24. Qe2 Rxd4 25. Rxd4 Bxd4 26. Qe4 Qd7 27.
Qxf4 Re8 28. Rb1 Be5 29. Re1 Bxf4 30. Rxe8+ Qxe8 0-1

[Event "Oberschwaben-chB"]
[Site "Markdorf"]
[Date "2009.05.23"]
[Round "6.12"]
[White "Kolas, Matija"]
[Black "Voss, Michael"]
[Result "1-0"]
[WhiteElo "1661"]
[BlackElo "1667"]
[PlyCount "40"]
[EventDate "2009.??.??"]
[WhiteTeam "SK Markdorf"]
[BlackTeam "SC Lindau"]

1. d4 d5 2. e3 Nf6 3. f4 Bf5 4. Nf3 e6 5. Bd3 Bxd3 6. Qxd3 c6 7. Nbd2 Nbd7 8.
O-O Bd6 9. Ne5 Qe7 10. c3 O-O-O 11. e4 dxe4 12. Nxe4 Nxe5 13. Nxd6+ Rxd6 14.
fxe5 Rd5 15. exf6 gxf6 16. Qh3 f5 17. Bf4 Rdd8 18. Rae1 Rhg8 19. Qxf5 Rg6 20.
Qe5 Qh4 1-0

[Event "Oberschwaben-chB"]
[Site "Markdorf"]
[Date "2009.05.23"]
[Round "6.13"]
[White "Rauscher, Benjamin"]
[Black "Montgomery, Mike"]
[Result "1-0"]
[WhiteElo "1571"]
[BlackElo "1735"]
[PlyCount "71"]
[EventDate "2009.??.??"]
[WhiteTeam "SK Markdorf"]
[BlackTeam "SC Lindau"]

1. d4 c5 2. c3 Nf6 3. g3 d5 4. Bg2 Nc6 5. Nf3 Bf5 6. O-O e6 7. Nbd2 cxd4 8.
cxd4 Bd6 9. a3 Qd7 10. b4 Ne4 11. Bb2 Rc8 12. Nb3 b6 13. Nh4 Bg6 14. Nxg6 hxg6
15. Qd3 Nf6 16. Rac1 Ke7 17. b5 Nb8 18. Rxc8 Qxc8 19. Nd2 Qg8 20. e4 dxe4 21.
Nxe4 Qh7 22. h3 g5 23. Qe2 Nxe4 24. Qxe4 f5 25. Qe2 Nd7 26. Re1 Nf8 27. d5 g4
28. h4 Rg8 29. dxe6 g5 30. Be5 Bc5 31. Qc4 gxh4 32. Qd5 h3 33. Qb7+ Ke8 34.
Bc6+ Nd7 35. exd7+ Kd8 36. Bc7# 1-0

[Event "Oberschwaben-chB"]
[Site "Markdorf"]
[Date "2009.05.23"]
[Round "6.14"]
[White "Rünz, Wilfried"]
[Black "Kitzelmann, Stefan"]
[Result "1-0"]
[WhiteElo "1657"]
[BlackElo "1335"]
[PlyCount "81"]
[EventDate "2009.??.??"]
[WhiteTeam "SK Leutkirch"]
[BlackTeam "SC Wangen"]

1. Nf3 g6 2. e4 Bg7 3. d4 d6 4. Bc4 Nd7 5. c3 Ngf6 6. e5 dxe5 7. dxe5 Ne4 8.
Qd5 Nxe5 9. Nxe5 Qxd5 10. Bxd5 Bxe5 11. Bxe4 O-O 12. Be3 Rd8 13. Nd2 f5 14. Nc4
Bf6 15. Bc2 e5 16. Bb3 Kg7 17. Rd1 Re8 18. O-O f4 19. Bc1 Bf5 20. f3 g5 21. Nd2
Re7 22. Bd5 g4 23. Be4 Be6 24. b3 Kh6 25. g3 Rg7 26. Kf2 gxf3 27. Nxf3 Rag8 28.
Rh1 Bh3 29. Rdg1 Kh5 30. c4 Be7 31. gxf4 Rg2+ 32. Rxg2 Rxg2+ 33. Ke1 Rxa2 34.
fxe5 Bb4+ 35. Kd1 Bg2 36. Rg1 Bc5 37. Re1 Rf2 38. Nd2 Ba3 39. Bf3+ Kg6 40. e6
Kf6 41. Ne4+ 1-0

[Event "Oberschwaben-chB"]
[Site "Markdorf"]
[Date "2009.05.23"]
[Round "6.15"]
[White "Özdemir, Murat"]
[Black "Pohl, Manfred"]
[Result "1-0"]
[WhiteElo "1596"]
[BlackElo "1607"]
[PlyCount "89"]
[EventDate "2009.??.??"]
[WhiteTeam "SF Ravensburg"]
[BlackTeam "SC Wangen"]

1. d4 c5 2. e3 cxd4 3. exd4 Nf6 4. c4 e6 5. Nf3 Be7 6. Nc3 d5 7. c5 Nc6 8. Bf4
a6 9. a3 Ne4 10. Qc2 f5 11. O-O-O O-O 12. Ne5 Qa5 13. Nxe4 fxe4 14. Nxc6 bxc6
15. Be3 Bd7 16. Qd2 Qc7 17. g3 e5 18. Qc3 Bg4 19. Rd2 Bf6 20. Be2 Bxe2 21. Rxe2
Rf7 22. Rf1 Raf8 23. Kd1 Qb8 24. b4 Rb7 25. f4 exf3 26. Rxf3 exd4 27. Bxd4 Bxd4
28. Rxf8+ Qxf8 29. Qxd4 Qf3 30. Qe3 Qxe3 31. Rxe3 Kf7 32. Kd2 a5 33. Kc3 axb4+
34. axb4 Kf6 35. Re8 Rc7 36. Kd4 Rb7 37. Kc3 Rc7 38. Kb3 h6 39. b5 cxb5 40. Kb4
d4 41. Kxb5 Rd7 42. c6 Rd5+ 43. Kc4 d3 44. Kxd5 d2 45. Rf8+ 1-0